Southville International School and Colleges
Your cart is empty.
  • Cart
  • Lists
    Public lists Eva Luna New books Lux_list list_1
    Your lists Log in to create your own lists
  • Log in to your account
  • Your cookies
  • Search history
Southville International School and Colleges
  • Advanced search
  • Recent comments
  • Most popular
  • Libraries

Log in to your account

Log in with GOOGLE


If you do not have an external account, but do have a local account, you can still log in:

  1. Home
  2. MARC view: Your school-age child /
Normal view MARC view ISBD view

Your school-age child / (Record no. 547)

[ view plain ]
MARC details
000 -LEADER
fixed length control field 01254cam a2200373 a 4500
001 - CONTROL NUMBER
control field 3035849
003 - CONTROL NUMBER IDENTIFIER
control field OSt
005 - DATE AND TIME OF LATEST TRANSACTION
control field 20140310181632.0
008 - FIXED-LENGTH DATA ELEMENTS--GENERAL INFORMATION
fixed length control field 951106s1996 nyu 001 0 eng
010 ## - LIBRARY OF CONGRESS CONTROL NUMBER
LC control number 95049857
020 ## - INTERNATIONAL STANDARD BOOK NUMBER
International Standard Book Number 0688102174 (acidfree paper)
040 ## - CATALOGING SOURCE
Original cataloging agency DLC
Transcribing agency DLC
Modifying agency DLC
050 00 - LIBRARY OF CONGRESS CALL NUMBER
Classification number HQ 767.9
Item number .K97 1996
082 00 - DEWEY DECIMAL CLASSIFICATION NUMBER
Classification number TR 305.231
Item number K96 1996
100 1# - MAIN ENTRY--PERSONAL NAME
Personal name Kutner, Lawrence.
245 10 - TITLE STATEMENT
Title Your school-age child /
Statement of responsibility, etc Lawrence Kutner.
250 ## - EDITION STATEMENT
Edition statement 1st ed.
260 ## - PUBLICATION, DISTRIBUTION, ETC. (IMPRINT)
Place of publication, distribution, etc New York :
Name of publisher, distributor, etc William Morrow and Company Inc,
Date of publication, distribution, etc 1996.
300 ## - PHYSICAL DESCRIPTION
Extent xiv, 209 p. ;
Dimensions 22 cm.
490 1# - SERIES STATEMENT
Series statement The parent & child series
500 ## - GENERAL NOTE
General note Includes index.
520 ## - SUMMARY, ETC.
Summary, etc 1. Child development. 2. Child rearing. 3. School children. 4. Home and school.
521 ## - TARGET AUDIENCE NOTE
Target audience note
541 ## - IMMEDIATE SOURCE OF ACQUISITION NOTE
-- 1
562 ## - COPY AND VERSION IDENTIFICATION NOTE
Number of copies For circulation. One copy is available in the collection
650 #0 - SUBJECT ADDED ENTRY--TOPICAL TERM
Topical term or geographic name as entry element Child development.
650 #0 - SUBJECT ADDED ENTRY--TOPICAL TERM
Topical term or geographic name as entry element Child rearing.
650 #0 - SUBJECT ADDED ENTRY--TOPICAL TERM
Topical term or geographic name as entry element School children.
650 #0 - SUBJECT ADDED ENTRY--TOPICAL TERM
Topical term or geographic name as entry element Home and school.
800 1# - SERIES ADDED ENTRY--PERSONAL NAME
Personal name Kutner, Lawrence.
Title of a work Parent and child series.
906 ## - LOCAL DATA ELEMENT F, LDF (RLIN)
a 7
b cbc
c orignew
d 1
e ocip
f 19
g y-gencatlg
942 ## - ADDED ENTRY ELEMENTS (KOHA)
Source of classification or shelving scheme Library of Congress Classification
Koha item type
Call number prefix
Holdings
Withdrawn status Lost status Source of classification or shelving scheme Damaged status Home library Current library Shelving location Date acquired Total Checkouts Total Renewals Full call number Barcode Date last seen Date checked out Copy number Price effective from Koha item type
    Library of Congress Classification   Luxembourg Library Luxembourg Library Teachers Reference Section 03/10/2012 1 7 HQ 767.9 .K97 1996 11422 10/09/2018 07/24/2018 1 10/03/2013 Books

Your school-age child /

APA

Kutner L., . (1996). Your school-age child. New York: William Morrow and Company Inc.

Chicago

Kutner Lawrence, . 1996. Your school-age child. New York: William Morrow and Company Inc.

Harvard

Kutner L., . (1996). Your school-age child. New York: William Morrow and Company Inc.

MLA

Kutner Lawrence, . Your school-age child. New York: William Morrow and Company Inc. 1996.

  • Place hold
  • Print
  • Cite
  • Add to your cart (remove)
  • Save record
    BIBTEX Dublin Core MARCXML MARC (non-Unicode/MARC-8) MARC (Unicode/UTF-8) MARC (Unicode/UTF-8, Standard) MODS (XML) RIS
  • More searches
    Search for this title in:
    Other Libraries (WorldCat) Other Databases (Google Scholar) Online Stores (Bookfinder.com) Open Library (openlibrary.org)

Exporting to Dublin Core...

SOUTHVILLE LIBRARY

Southville International School and Colleges Library

1281 Tropical Ave. Cor. Luxembourg St., BF Homes International, Las Pinas City

Tel. No. 8256374 / 252358 Loc. 117/146

Powered by Koha